000 01049nam a2200253 i 4500
001 128969
003 ES-MaACL
005 20231204170724.0
007 t|
008 070531s1935 sp ||||1| spa d
080 _a820(73)-22"19"
080 _a820(73)-23"19"
245 0 0 _aTeatro norteamericano de vanguardia /
_cprólogo de Cristóbal de Castro ; traducción y notas de Horacio de Castro.
260 _aMadrid :
_bM. Aguilar,
_c[1935]
300 _a194 p. ;
_c20 cm.
505 8 _aContiene: El "metro" : una acción dramática, en nueve escenas / de Elmer L. Rice. Estrictamente inmoral : una comedia en tres actos / original de Preston Sturges. El gallo petirrojo : una comedia en intrigas, en tres actos / por Elmer L. Rice y Philip Barry
700 1 _aCastro, Cristóbal de,
_d1874-1953
_936843
700 1 _aRice, Elmer L.
_996889
700 1 _aSturges, Preston.
_9108510
700 1 _aBarry, Philip.
_926088
700 1 _aCastro, Horacio de.
_936860
852 _aES-MaACL
_jC-4167
_bR.24089
999 _c128969
_d128969